AN EXPERIMENTAL STUDY TO ASSESS THE EFFECTIVENESS OF STEAMINHALATION WITH TULSILEAVIES AMONG CHILDERN WITH UPPER RESPIRATORY TRACT INFECTION IN SELECTED COMMUNITY AREAS OF PUNE CITY (Record no. 532116)

MARC details
000 -LEADER
fixed length control field 00542pam a2200157a 44500
008 - FIXED-LENGTH DATA ELEMENTS--GENERAL INFORMATION
fixed length control field 230515b2018 xxu||||| |||| 00| 0 eng d
020 ## - INTERNATIONAL STANDARD BOOK NUMBER
International Standard Book Number NULL
041 ## - LANGUAGE CODE
Language code of text/sound track or separate title ENGLISH
082 ## - DEWEY DECIMAL CLASSIFICATION NUMBER
Classification number 610.0
100 ## - MAIN ENTRY--PERSONAL NAME
Personal name MS.KUMAM SHUMAN DEVI
245 ## - TITLE STATEMENT
Title AN EXPERIMENTAL STUDY TO ASSESS THE EFFECTIVENESS OF STEAMINHALATION WITH TULSILEAVIES AMONG CHILDERN WITH UPPER RESPIRATORY TRACT INFECTION IN SELECTED COMMUNITY AREAS OF PUNE CITY
250 ## - EDITION STATEMENT
Edition statement 1
260 ## - PUBLICATION, DISTRIBUTION, ETC.
Place of publication, distribution, etc. PUNE
Name of publisher, distributor, etc. BHARATI VIDYAPEETH DEEMED UNIVERSITY, PUNE,
Date of publication, distribution, etc. 2018
300 ## - PHYSICAL DESCRIPTION
Extent 66
650 ## - SUBJECT ADDED ENTRY--TOPICAL TERM
Topical term or geographic name entry element NULL
Holdings
Withdrawn status Lost status Damaged status Not for loan Home library Current library Shelving location Date acquired Source of acquisition Cost, normal purchase price Total Checkouts Full call number Barcode Date last seen Date last checked out Price effective from Koha item type
        College of Nursing, Pune College of Nursing, Pune   03/03/2021 BHARATI VIDYAPPEETH 1.00 1 610.0 NCP-R-302 17/09/2025 16/09/2025 28/06/2023 Theses